Advanced strength of materials (Record no. 6074)

000 -LEADER
fixed length control field 00525nam a2200193 4500
001 - CONTROL NUMBER
control field 6074
003 - CONTROL NUMBER IDENTIFIER
control field BD-DhHUET
008 - FIXED-LENGTH DATA ELEMENTS--GENERAL INFORMATION
fixed length control field 790809s1952 nyua 001 0 eng
020 ## - INTERNATIONAL STANDARD BOOK NUMBER
International Standard Book Number 070164002
040 ## - CATALOGING SOURCE
Original cataloging agency DLC
Transcribing agency DLC
Modifying agency BD-DhHUET
082 ## - DEWEY DECIMAL CLASSIFICATION NUMBER
Classification number 620.11
Item number DEN/1952
100 1# - MAIN ENTRY--PERSONAL NAME
Personal name Den Hartog, J. P.
245 10 - TITLE STATEMENT
Title Advanced strength of materials
Statement of responsibility, etc. by Den Hartog, J. P.
250 ## - EDITION STATEMENT
Edition statement 1st ed.
260 ## - PUBLICATION, DISTRIBUTION, ETC. (IMPRINT)
Place of publication, distribution, etc. New York
Name of publisher, distributor, etc. McGraw-Hill
Date of publication, distribution, etc. 1952
300 ## - PHYSICAL DESCRIPTION
Extent ix,379 p.
Other physical details illus.
Dimensions 24 cm.
650 #0 - SUBJECT ADDED ENTRY--TOPICAL TERM
Topical term or geographic name as entry element Strength of materials: engineering
942 ## - ADDED ENTRY ELEMENTS (KOHA)
Koha item type General Book
Holdings
Copy number Koha normalized classification for sorting Koha date last seen Not for loan Withdrawn status Piece designation (barcode) Lost status Koha item type Date acquired Source of classification or shelving scheme Location (home branch) Damaged status Price effective from Koha full call number Sublocation or collection (holding branch) Shelving location
1620_000000000000000_11DEN19522014-11-30  87925 General Book2014-11-30 Central Library, BUET 2014-11-30620.11/DEN/1952Central Library, BUETCirculation section
2620_110000000000000_DEN_19522015-04-23  29906 General Book2015-04-23 Central Library, BUET 2015-04-23620.11/DEN/1952Central Library, BUETCirculation section
3620_110000000000000_DEN_19522015-04-23  29901 General Book2015-04-23 Central Library, BUET 2015-04-23620.11/DEN/1952Central Library, BUETCirculation section
4620_110000000000000_DEN_19522015-04-23  34760 General Book2015-04-23 Central Library, BUET 2015-04-23620.11/DEN/1952Central Library, BUETCirculation section
5620_110000000000000_DEN_19522015-04-23  29903 General Book2015-04-23 Central Library, BUET 2015-04-23620.11/DEN/1952Central Library, BUETCirculation section
6620_110000000000000_DEN_19522015-04-23  34761 General Book2015-04-23 Central Library, BUET 2015-04-23620.11/DEN/1952Central Library, BUETCirculation section
7620_110000000000000_DEN_19522015-04-23  29908 General Book2015-04-23 Central Library, BUET 2015-04-23620.11/DEN/1952Central Library, BUETCirculation section
8620_110000000000000_DEN_19522015-04-23  29905 General Book2015-04-23 Central Library, BUET 2015-04-23620.11/DEN/1952Central Library, BUETCirculation section
9620_110000000000000_DEN_19522015-04-23  29904 General Book2015-04-23 Central Library, BUET 2015-04-23620.11/DEN/1952Central Library, BUETCirculation section
10620_110000000000000_DEN_19522015-04-25  34762 General Book2015-04-25 Central Library, BUET 2015-04-25620.11/DEN/1952Central Library, BUETCirculation section
11620_110000000000000_DEN_19522015-04-25  29907 General Book2015-04-25 Central Library, BUET 2015-04-25620.11/DEN/1952Central Library, BUETCirculation section